Statistiques concernant Les villes françaises les plus denses

Cliquez ici pour prendre le quiz!

Statistiques générales

  • Ce quiz a été pris 182 fois
  • Le résultat moyen est 20 sur 28

Statistiques - réponses

Habitants au km²PopulationVille% Correct
21,2582,206,000Paris
100%
10,583506,000Lyon
97%
3,543861,000Marseille
97%
6,564232,000Lille
95%
4,888249,000Bordeaux
93%
3,831471,000Toulouse
93%
4,473303,000Nantes
92%
4,777343,000Nice
91%
3,506277,000Strasbourg
90%
4,164215,000Rennes
89%
4,719277,000Montpellier
81%
8,733160,000Grenoble
76%
3,849167,000Toulon
75%
5,217110,000Rouen
73%
3,687172,000Le Havre
69%
6,999105,000Nancy
69%
3,878184,000Reims
69%
8,760111,000Saint-Denis
65%
4,216106,000Caen
64%
3,763155,000Dijon
63%
10,230148,000Villeurbanne
63%
3,928136,000Tours
59%
4,158114,000Orléans
58%
4,493111,000Mulhouse
41%
11,605106,000Montreuil
40%
18,983117,000Boulogne-Billancourt
39%
3,732125,000Annecy
37%
6,095110,000Argenteuil
34%

Distribution des résultats

Percentile par nombre de réponses

% des personnes avec chaque résultat

Votre développement - résultats

Vous n’avez pas pris ce quiz